Piłka nożna quiz #170 - Najstarsi strzelcy reprezentacji Hiszpanii - Statystyki

Ogólne statystyki
  • Ten quiz został rozwiązany 147 razy
  • Średni wynik to 2 z 5
Statystyki odpowiedzi
Zawodnik Pozycja Data zdobycia bramki Wiek zawodnika % Poprawnych
Sergio Ramos Środkowy obrońca 06.09.2020 34 lat 05 miesięcy 07 dni
94%
Fernando Hierro Środkowy obrońca 07.06.2002 34 lat 02 miesięcy 15 dni
59%
Aritz Aduriz Środkowy napastnik 12.11.2016 35 lat 09 miesięcy 01 dzień
15%
Santi Cazorla Środkowy pomocnik 15.11.2019 34 lat 11 miesięcy 02 dni
10%
Miguel Ángel Nadal Środkowy obrońca 05.09.2001 35 lat 01 miesiąc 08 dni
4%
Nie znaleziono quizów pasujących do podanych kryteriów
Rozkład punktacji
Procent ludzi z każdym wynikiem
Percentyl według liczby udzielonych odpowiedzi
Twoja historia wyników
Nie rozwiązałeś tego quizu